00490pab a2200145 454500008004000000100001600040245006000056260000900116300001100125650002600136773005100162909001000213999001700223952010400240180718b1989 xxu||||| |||| 00| 0 eng d aWinn, Mylon aEthics in organisationsbA perspective on reciprocation c1989 a867-87 aOrganisational Change aInternational Journal Of Public Administration a14664 c14664d14664 00104070aIIPAbIIPAd2018-07-19hVolume no: 12, Issue no: 6pAR14713r2018-07-19w2018-07-19yAR